000 00767nam a22002657a 4500
005 20170124110146.0
010 _a497172
020 _c00.00
035 _a497172
037 _bCen Lib/Ret
040 _aDPL
_bEN
082 _a634
_bFRU
245 _aFruit culture in India /
_ccompiled by Sham Singh, S. Krishnamurti [and ] S.L. Katyal
250 _a2nd ed.
260 _aNew Delhi
_c1967
_bIndian Council of Agriculture Research
270 _bNew Delhi
_e400004
300 _a424p.
_c22cm(Hb)
500 _aIncludes index
650 _aAgriculture
_915548
650 _aFruit culture
_933423
700 _aSham Singh
_9101690
700 _aKrishnamurti, S.
_933424
700 _aKatyal, S.L.
_933425
942 _2ddc
_cEN
_h634
_mFRU
999 _c131994
_d131994